| 000 | 00357nam a2200133Ia 4500 | ||
|---|---|---|---|
| 008 | 210210b1984 xxu||||| |||| 00| 0 eng d | ||
| 082 | _a378.0025 HAND | ||
| 100 | _a- | ||
| 245 | _aHandbook of correspondence courses. | ||
| 260 |
_aNew Delhi. _bAssociation of Indian Universities., _c1984 |
||
| 300 | _axii,83 | ||
| 690 | _aHigher Education | ||
| 906 | _a037913 | ||
| 999 |
_c87966 _d87966 |
||